000 00574nam a2200193Ia 4500
005 20260120132000.0
008 008 260114s9999 xx 000 0 eng d
020 _a9781383009583
037 _aEBOOK
040 _aCRL
_beng
_cCRL
041 _aeng
_2eng
084 _qCRL
100 _aStafford
_9933525
245 0 _aStarting Lines in Scottish, Irish, and English Poetry: From Burns to Heaney
260 _bOxford University PressOxford University Press
_c2023
856 _uhttps://academic.oup.com/book/48861
942 _cEBOOK
999 _c1525448
_d1525448